skbl

Dr Suryya Kumar Bhuyan Library Web-OPAC
ডঃ সূৰ্য্য
কুমাৰ ভূঞা পুথিভঁৰাল ৱেব-অ'পেক

All Research Scholars are advised to clear the annual library fees to continue using Library Resources, Remote Access, Plagiarism Test and Library Clearance.

Cotton University Book Fair 2026

World Constitutions / (Record no. 3439)

MARC details
000 -LEADER
fixed length control field 00720nam a2200253Ia 4500
001 - CONTROL NUMBER
control field 3451
008 - FIXED-LENGTH DATA ELEMENTS--GENERAL INFORMATION
fixed length control field 190829s1995 ii a g b000 u 465 u
020 ## - INTERNATIONAL STANDARD BOOK NUMBER
International Standard Book Number 9789386245144
082 ## - DEWEY DECIMAL CLASSIFICATION NUMBER
Classification number 342.029
100 ## - MAIN ENTRY--PERSONAL NAME
Personal name Bhagwan, Vishnoo .
245 #0 - TITLE STATEMENT
Title World Constitutions /
Statement of responsibility, etc. Vishnoo Bhagwan & Vidya Bhushan.
Medium Textual Documents
250 ## - EDITION STATEMENT
Edition statement Rev Enl ed. /
260 ## - PUBLICATION, DISTRIBUTION, ETC.
Place of publication, distribution, etc. New Delhi :
Name of publisher, distributor, etc. Sterling publishers ,
Date of publication, distribution, etc. 1995.
300 ## - PHYSICAL DESCRIPTION
Extent 727p. :
Other physical details ill ;
Dimensions 22 cm .
504 ## - BIBLIOGRAPHY, ETC. NOTE
Bibliography, etc. note Bib, Index
653 ## - INDEX TERM--UNCONTROLLED
Uncontrolled term World Constitution
653 ## - INDEX TERM--UNCONTROLLED
Uncontrolled term Political Science
653 ## - INDEX TERM--UNCONTROLLED
Uncontrolled term Constitution-World
653 ## - INDEX TERM--UNCONTROLLED
Uncontrolled term G-Political Science
653 ## - INDEX TERM--UNCONTROLLED
Uncontrolled term PG-Political Science
653 ## - INDEX TERM--UNCONTROLLED
Uncontrolled term G-Economics
700 ## - ADDED ENTRY--PERSONAL NAME
Personal name Bhushan, Vidya .
942 ## - ADDED ENTRY ELEMENTS (KOHA)
Source of classification or shelving scheme Dewey Decimal Classification
Koha item type Books
Holdings
Withdrawn status Lost status Damaged status Not for loan Home library Current library Date acquired Coded location qualifier Total checkouts Full call number Barcode Date last seen Date last checked out Copy number Price effective from Koha item type Collection Shelving location Cost, normal purchase price
        Dr. Suryya Kumar Bhuyan Library Dr. Suryya Kumar Bhuyan Library 01/02/2012 00000 2 342.029 Bh 469 Wo 84770 20/06/2024 08/05/2024 3 01/02/2012 Books      
        Dr. Suryya Kumar Bhuyan Library Dr. Suryya Kumar Bhuyan Library 01/02/2012 00000   342.029 Bh 469 Wo 104/Psc 13/01/2024   5 01/02/2012 Books      
        Dr. Suryya Kumar Bhuyan Library Dr. Suryya Kumar Bhuyan Library 01/02/2012 00000   342.029 Bh 469 Wo 105/Psc 13/01/2024   1 01/02/2012 Books      
        Dr. Suryya Kumar Bhuyan Library Dr. Suryya Kumar Bhuyan Library 01/02/2012 00000   342.029 Bh 469 Wo 1736/cu 13/01/2024   6 01/02/2012 Books     375.00
        Dr. Suryya Kumar Bhuyan Library Dr. Suryya Kumar Bhuyan Library 01/02/2012 00000 1 342.029 Bh 469 Wo 1737/cu 23/04/2024 20/03/2024 7 01/02/2012 Books     375.00
        Dr. Suryya Kumar Bhuyan Library Dr. Suryya Kumar Bhuyan Library 01/02/2012 00000   342.029 Bh 469 Wo 1763/cu 13/01/2024   9 01/02/2012 Books     375.00
        Dr. Suryya Kumar Bhuyan Library Dr. Suryya Kumar Bhuyan Library 01/02/2012 00000   342.029 Bh 469 Wo 1764/cu 13/01/2024   8 01/02/2012 Books     375.00
        Dr. Suryya Kumar Bhuyan Library Dr. Suryya Kumar Bhuyan Library 01/02/2012 00000   342.029 Bh 469 Wo 80617 05/08/2024   4 01/02/2012 Books      
        Dr. Suryya Kumar Bhuyan Library Dr. Suryya Kumar Bhuyan Library 01/02/2012 00000   342.029 Bh 469 Wo 80739 13/01/2024   2 01/02/2012 Books      

Designed and Maintained by Team SKBL
©1901-2026

Powered by Koha